Statystyki dla Największe miasta w Korei Południowej

Kliknij tutaj aby rozwiązać quiz!

Ogólne statystyki

  • Ten quiz został rozwiązany 56 razy
  • Średni wynik to 4 z 10

Statystyki odpowiedzi

Ludność (~)Odpowiedź% Poprawnych
9,79 MLNSeul
100%
3,41 MLNPusan
84%
2,66 MLNInczon
51%
2,45 MLNDaegu
49%
1,08 MLNUlsan
46%
1,48 MLNGwangju
38%
1,50 MLNDaejeon
35%
1,07 MLNSuwon
19%
1,06 MLNChangwon
16%
950 TYSSeongnam
8%

Rozkład punktacji

Percentyl według liczby udzielonych odpowiedzi

Procent ludzi z każdym wynikiem

Twoja historia wyników

Nie rozwiązałeś tego quizu